000 00577nam a2200181 i 4500
001 78724
003 ES-MaACL
005 20230906173808.0
007 t|
008 041015s1960 sp ||||1| eng d
100 1 _aHawthorne, Nathaniel.
_962176
245 1 0 _aRoger Malvin's Burial and Edward Randolph's Portrait /
_cby Nathaniel Hawthorne ; [traducción del inglés de B. Montuenga].
260 _aMadrid :
_bAlhambra,
_c[1960]
300 _a62 p. ;
_c15 cm.
500 _a[Texto bilingüe]
700 1 _aMontuenga, Benito.
_9174105
852 _aES-MaACL
_jC-56419
_bR.46546
999 _c78724
_d78724